Foods from A-Z - Statistics

General Stats
  • This quiz has been taken 67 times
  • The average score is 18 of 26
Answer Stats
Picture Answer % Correct
Asparagus
95%
Bagel
95%
Fries
89%
Ice cream
89%
Donuts
86%
Guacamole
82%
Cranberries
81%
Raspberries
81%
Strawberries
81%
Waffles
81%
Jalapeno
79%
Kale
77%
Zucchini
77%
Macaron
75%
Yogurt
74%
Hazelnut
72%
Papaya
72%
Turnip
72%
Leek
67%
Quesadilla
67%
Olives
58%
Enchiladas
47%
Nori
44%
Vanilla
35%
Unagi
26%
Xacuti
5%
No matching quizzes found
Score Distribution
Percent of People with Each Score
Percentile by Number Answered
Your Score History
You have not taken this quiz